| 000 | 00376nam a2200157Ia 4500 | ||
|---|---|---|---|
| 008 | 230524s9999 xx 000 0 und d | ||
| 082 |
_a515.35 _bROS |
||
| 100 | _aShepley L.Ross | ||
| 245 | 0 | _aDifferential equation | |
| 250 | _a3RD | ||
| 260 |
_aSINGAPORE _bJohn Wiley _c2004 |
||
| 300 | _aVII;803 | ||
| 500 | _aQuantity Number: 2 | ||
| 650 | _aMathematics | ||
| 942 | _cBK | ||
| 999 |
_c33768 _d33768 |
||